Estadísticas para Parques nacionales españoles en un mapa

Haz click aquí para intentar la prueba.

Estadísticas generales

  • Esta prueba ha sido intentada 28 veces
  • La puntuación promedio es 7 de 16

Respuestas en el mapa

Las respuestas están codificadas por una escala verde-roja en el mapa de la prueba según el % correcto abajo.
 

Estadísticas de respuestas

Año de creaciónParque% Correcto
1969Doñana
79%
1954Teide
79%
1918Picos de Europa
75%
1999Sierra Nevada
63%
2013Sierra de Guadarrama
54%
1991Archipiélago de Cabrera
46%
1973Tablas de Daimiel
38%
1981Garajonay
33%
2007Monfragüe
33%
1955Aiguas Tortas y Lago de San Mauricio
29%
1918Ordesa y Monte Perdido
29%
1974Timanfaya
29%
2002Islas Atlánticas de Galicia
25%
1995Cabañeros
21%
1954Caldera de Taburiente
17%
2021Sierra de las Nieves
8%

Distribución de puntuación

Porcentaje por número respondido

Porcentaje de gente con cada puntuación

Historial de tus puntuaciones

No has intentado esta prueba.